000 01624nam a22003493i 4500
001 EBC31318098
003 MiAaPQ
005 20251024192621.0
007 cr cnu||||||||
008 251024s2024 xx o ||||0 ger d
020 _a9783867325806
_q(electronic bk.)
020 _z9783867324380
040 _aMiAaPQ
_beng
_cMiAaPQ
100 1 _aEbert, Hildtrud.
_967454
245 1 0 _aErhard Frommhold und Die Fundus-Bücher :
_bDie Ersten Jahre.
250 _a1st ed.
264 1 _aBerlin :
_bLukas Verlag fur Kunst- und Geistesgeschichte,
_c2024.
264 4 _c{copy}2024.
300 _a1 online resource (97 pages)
336 _aText
_btxt
_2rdacontent
337 _aComputermedien
_bc
_2rdamedia
338 _aOnline Resource
_bcr
_2rdacarrier
341 0 _bNo reading system accessibility options actively disabled
_2onix
500 _aE-Book-ProQuest / Fernzugriff nach Registrierung möglich
520 _aAls der Rowohlt Verlag 1955 seine »deutsche enzyklopädie« auf den Markt brachte, konnte Erhard Frommhold den VEB Verlag der Kunst Dresden, wo er als Lektor arbeitete, vom Aufbau einer eigenen Theorie­reihe überzeugen.Der Name Fundus war schnell gefunden und nicht ohne Hintersinn gewählt.
655 _aFernzugriff
_9230
655 4 _aElectronic books.
776 0 8 _iPrint version:
_aEbert, Hildtrud
_tErhard Frommhold und Die Fundus-Bücher
_dBerlin : Lukas Verlag fur Kunst- und Geistesgeschichte,c2024
_z9783867324380
856 4 0 _uhttps://ebookcentral.proquest.com/lib/maxweberstiftung-ebooks/detail.action?docID=31318098
_zVolltext
942 _cEB
999 _c73091
_d73091